Loading...
| History - World | 0 | 8 | 0 | 2 | 80 | 83 | 126.63 | 1 | 4 | 7.03 | 23.56 |
| History - American | 2 | 3 | 1 | 0 | 55 | 57 | 88.40 | 1 | 3 | 23.11 | 32.92 |
| Fine Arts - Other | 1 | 4 | 0 | 0 | 55 | 93 | 111.80 | 3 | 4 | 7.80 | 25.56 |
| History - European | 1 | 3 | 0 | 2 | 45 | 58 | 116.00 | 1 | 3 | 8.01 | 16.00 |
| Geography | 0 | 3 | 0 | 1 | 30 | 88 | 113.67 | 1 | 2 | 8.76 | 24.58 |
| Social Science | 1 | 1 | 0 | 0 | 25 | 64 | 87.50 | 1 | 1 | 4.96 | 8.89 |
| Mythology | 1 | 1 | 0 | 1 | 25 | 56 | 94.50 | 0 | 0 | 9.02 | 7.14 |
| Literature - Drama | 0 | 2 | 0 | 1 | 20 | 100 | 128.50 | 1 | 2 | 4.77 | 20.83 |
| Fine Arts - Painting and Sculpture | 1 | 1 | 1 | 0 | 20 | 66 | 101.00 | 0 | 1 | 6.96 | 10.00 |
| Science - Physics | 0 | 2 | 0 | 1 | 20 | 83 | 88.00 | 0 | 2 | 6.32 | 11.67 |
| Current Events | 0 | 2 | 1 | 0 | 15 | 121 | 123.00 | 0 | 1 | 4.83 | 14.76 |
| Other Academic | 1 | 0 | 0 | 0 | 15 | 79 | 79.00 | 0 | 1 | 4.23 | 8.33 |
| History - Other | 0 | 1 | 0 | 1 | 10 | 139 | 139.00 | 0 | 0 | 0.24 | 2.78 |
| Science - Biology | 0 | 1 | 0 | 1 | 10 | 131 | 131.00 | 0 | 1 | 0.08 | 2.00 |
| Science - Other | 0 | 1 | 0 | 1 | 10 | 152 | 152.00 | 0 | 0 | 0.42 | 1.85 |
| Religion | 0 | 1 | 1 | 0 | 5 | 94 | 94.00 | 0 | 1 | 4.11 | 8.33 |
| Science - Chemistry | 0 | 1 | 2 | 1 | 0 | 136 | 136.00 | 0 | 1 | 0.22 | 2.00 |
| History - Ancient | 0 | 0 | 1 | 0 | -5 | 0.00 | 0 | 0 | 0.00 | 0.00 |